[Event "Zadar op 15th"]
[Site "Zadar"]
[Date "2008.12.17"]
[Round "6"]
[White "Plenkovic, Zdenko"]
[Black "Ljubicic, Filip"]
[Result "0-1"]
[WhiteElo "2339"]
[BlackElo "2415"]
[PlyCount "64"]
[EventDate "2008.12.14"]
[EventType "swiss"]
[EventRounds "9"]
[EventCountry "CRO"]
[SourceTitle "CBM 127 Extra"]
[Source "ChessBase"]
[SourceDate "2009.01.08"]
[SourceVersion "2"]
[SourceVersionDate "2009.01.28"]
[SourceQuality "1"]

1. g3 c5 2. Bg2 Nc6 3. Nf3 g6 4. c4 Bg7 5. Nc3 e5 6. d3 Nge7 7. Nd2 d6 8. Nf1 0-0 9. Ne3 Be6 10. 0-0 Qd7 11. Ned5 Bh3 12. Ne4 Nxd5 13. Bxh3 Qxh3 14. cxd5 Ne7 15. Nxd6 Qd7 16. Ne4 Qxd5 17. Qa4 b6 18. Bd2 Nc6 19. Nc3 Qd6 20. Rab1 Rfd8 21. Qh4 Nd4 22. Rfe1 Qe6 23. b3 Rd7 24. Be3 f5 25. Bxd4 cxd4 26. Na4 Bf8 27. Rec1 Be7 28. Qh6 f4 29. gxf4 Rf8 30. f3 exf4 31. Kf2 Rd5 32. Rg1 Kh8 0-1

[Event "Zadar op 15th"]
[Site "Zadar"]
[Date "2008.12.16"]
[Round "4"]
[White "Jovanic, Ognjen"]
[Black "Ljubicic, Filip"]
[Result "1-0"]
[WhiteElo "2515"]
[BlackElo "2415"]
[PlyCount "59"]
[EventDate "2008.12.14"]
[EventType "swiss"]
[EventRounds "9"]
[EventCountry "CRO"]
[SourceTitle "CBM 127 Extra"]
[Source "ChessBase"]
[SourceDate "2009.01.08"]
[SourceVersion "2"]
[SourceVersionDate "2009.01.28"]
[SourceQuality "1"]

1. d4 d5 2. Nf3 e6 3. e3 Nf6 4. Bd3 c5 5. b3 Nc6 6. Bb2 Be7 7. 0-0 Nb4 8. Be2 cxd4 9. exd4 Qc7 10. c4 Ne4 11. Nbd2 0-0 12. a3 Nc6 13. Rc1 Bf6 14. Bd3 Nxd2 15. Qxd2 Qb6 16. c5 Qxb3 17. Bc3 Qa4 18. Rb1 Nxd4 19. Nxd4 a6 20. Nf3 Qxa3 21. Bxf6 gxf6 22. Rb4 Rd8 23. Rf4 Qxc5 24. Rxf6 Qf8 25. Ng5 Qg7 26. Rxf7 Qxf7 27. Nxf7 Kxf7 28. Qf4+ Ke7 29. Qg5+ Kd7 30. Rc1 1-0

[Event "Milan Crespi op-A 29th"]
[Site "Milan"]
[Date "2008.12.12"]
[Round "8"]
[White "Garano, Nicola"]
[Black "Ljubicic, Filip"]
[Result "0-1"]
[WhiteElo "2251"]
[BlackElo "2415"]
[PlyCount "60"]
[EventDate "2008.12.06"]
[EventType "swiss"]
[EventRounds "9"]
[EventCountry "ITA"]
[SourceTitle "CBM 130 Extra"]
[Source "ChessBase"]
[SourceDate "2009.07.02"]
[SourceVersion "2"]
[SourceVersionDate "2009.07.15"]
[SourceQuality "1"]

1. e4 c5 2. Nf3 Nc6 3. d4 cxd4 4. Nxd4 Nf6 5. Nc3 e5 6. Ndb5 d6 7. Bg5 a6 8. Na3 b5 9. Bxf6 gxf6 10. Nd5 Be6 11. c3 Bg7 12. Nc2 f5 13. exf5 Bxf5 14. Nce3 Bg6 15. a4 Rb8 16. axb5 axb5 17. Be2 0-0 18. Ra6 Rc8 19. Bxb5 Nd4 20. cxd4 exd4 21. Nc4 Qg5 22. 0-0 Qxd5 23. Nxd6 Rcd8 24. Bc4 Qc5 25. b4 Qc7 26. Qc1 Rxd6 27. Bxf7+ Qxf7 28. Rxd6 Bd3 29. Re1 Qxf2+ 30. Kh1 Bf1 0-1

[Event "Milan Crespi op-A 29th"]
[Site "Milan"]
[Date "2008.12.10"]
[Round "6"]
[White "Ljubicic, Filip"]
[Black "Stella, Andrea"]
[Result "1/2-1/2"]
[WhiteElo "2415"]
[BlackElo "2234"]
[PlyCount "156"]
[EventDate "2008.12.06"]
[EventType "swiss"]
[EventRounds "9"]
[EventCountry "ITA"]
[SourceTitle "CBM 130 Extra"]
[Source "ChessBase"]
[SourceDate "2009.07.02"]
[SourceVersion "2"]
[SourceVersionDate "2009.07.15"]
[SourceQuality "1"]

1. e4 c5 2. Nf3 d6 3. d4 cxd4 4. Nxd4 Nf6 5. Nc3 Nc6 6. Bc4 Qb6 7. Nde2 e6 8. Bb3 Be7 9. 0-0 a6 10. h3 0-0 11. Ng3 Qc7 12. Bg5 b5 13. Nh5 Nxh5 14. Qxh5 b4 15. Bxe7 Nxe7 16. Ne2 a5 17. a4 Bb7 18. Ng3 d5 19. Rfe1 Rfd8 20. Rad1 h6 21. e5 Ba6 22. Ne2 Bxe2 23. Rxe2 Qc5 24. Rd3 Ng6 25. Qg4 Qe7 26. Rd4 Rac8 27. Re3 Qc7 28. Qh5 Qc5 29. Rg4 d4 30. Re1 Rc6 31. Rxg6 fxg6 32. Qxg6 d3 33. cxd3 Qd4 34. Bxe6+ Kh8 35. Qf7 Qxd3 36. b3 Qd4 37. Bc4 Qc5 38. Qf4 Rf8 39. Qe3 Qxe3 40. Rxe3 Rc7 41. e6 g5 42. Re5 Rb8 43. Bb5 Rbb7 44. Bd7 Rxd7 45. exd7 Rxd7 46. Kf1 Rd3 47. Re3 Rd2 48. g4 Kg7 49. Kg2 Kf6 50. Kg3 Rd4 51. h4 Rd1 52. Rf3+ Kg6 53. h5+ Kg7 54. Rf5 Rd3+ 55. Kg2 Rxb3 56. Rxa5 Ra3 57. Ra7+ Kh8 58. a5 b3 59. Rb7 Rxa5 60. Rxb3 Ra4 61. Kg3 Kg7 62. f3 Ra2 63. f4 gxf4+ 64. Kxf4 Ra4+ 65. Kf3 Kf7 66. Rb7+ Kg8 67. Re7 Rb4 68. Re4 Rb5 69. Kf4 Kf7 70. Ra4 Kg7 71. Ra7+ Kg8 72. Re7 Rb4+ 73. Kf5 Rb5+ 74. Re5 Rb6 75. Re6 Rb5+ 76. Kg6 Rg5+ 77. Kxh6 Rxg4 78. Rg6+ Kh8 1/2-1/2

[Event "Milan Crespi op-A 29th"]
[Site "Milan"]
[Date "2008.12.08"]
[Round "4"]
[White "Cazzaniga, Walter"]
[Black "Ljubicic, Filip"]
[Result "0-1"]
[WhiteElo "2160"]
[BlackElo "2415"]
[PlyCount "62"]
[EventDate "2008.12.06"]
[EventType "swiss"]
[EventRounds "9"]
[EventCountry "ITA"]
[SourceTitle "CBM 130 Extra"]
[Source "ChessBase"]
[SourceDate "2009.07.02"]
[SourceVersion "2"]
[SourceVersionDate "2009.07.15"]
[SourceQuality "1"]

1. d4 Nf6 2. c4 e6 3. Nf3 d5 4. Nc3 Be7 5. Bg5 0-0 6. e3 h6 7. Bh4 b6 8. Be2 Bb7 9. Bxf6 Bxf6 10. cxd5 exd5 11. b4 Qe7 12. Qb3 a5 13. bxa5 Rxa5 14. a4 Nd7 15. 0-0 Rfa8 16. Rab1 g6 17. Rfc1 Bg7 18. Ne1 c6 19. Nd3 Qd6 20. Bg4 Ba6 21. Nb4 Bc4 22. Qd1 Nf6 23. Bf3 b5 24. axb5 cxb5 25. Qd2 h5 26. Nd3 Nd7 27. Nf4 Nb6 28. g3 b4 29. Qb2 Bf8 30. Kg2 R8a6 31. Nce2 Ra2 0-1